书目信息 |
| 题名: |
大学专业英语
|
|
| 作者: | 卜玉坤 主编 ;战东平 编著 | |
| 分册: | 1 | |
| 出版信息: | 北京 外语教学与研究出版社 2002.2 |
|
| 页数: | 355页 | |
| 开本: | 26cm | |
| 丛书名: | ||
| 单 册: | ||
| 中图分类: | H31 | |
| 科图分类: | ||
| 主题词: | 机械工程--英语--高等学校 | |
| 电子资源: | ||
| ISBN: | 7-5600-2510-2 | |
| 000 | 00864nam1 2200253 45 | |
| 001 | 012004000000 | |
| 005 | 20041130093839.35 | |
| 010 | @a7-5600-2510-2@dCNY 25.90 | |
| 100 | @a20041009d2002 em y0chiy0121 ea | |
| 101 | 0 | @achi@aeng |
| 102 | @aCN@b110000 | |
| 105 | @aa z 000yy | |
| 200 | 1 | @a大学专业英语@Ada xue zhuan ye ying yu@dSubject-based English@e机械英语@eEnglish for Machinery@h1@f卜玉坤主编@g战东平...[等]编著@zeng |
| 210 | @a北京@c外语教学与研究出版社@d2002.2 | |
| 215 | @a355页@c图@d26cm | |
| 304 | @a本书其他编著者: 卜玉坤, 张坚毅, 蒋红丽, 陈俊玲 | |
| 510 | 1 | @aSubject-based English@eEnglish for Machinery@zeng |
| 517 | 1 | @a机械英语 |
| 606 | 0 | @a机械工程@x英语@x高等学校 |
| 690 | @aH31@v4 | |
| 701 | 0 | @a卜玉坤@Abu yu kun@4主编 |
| 702 | 0 | @a战东平@Azhan dong ping@4编著 |
| 801 | 0 | @aCN@bQSSKt@c20041130 |
| 905 | @a10447@dH31@eB9741:1 | |
| 大学专业英语=Subject-based English:机械英语:English for Machinery.1/卜玉坤主编/战东平...[等]编著.-北京:外语教学与研究出版社,2002.2 |
| 355页:图;26cm |
| ISBN 7-5600-2510-2:CNY 25.90 |
| ● |
| 相关链接 |
|
|
|
正题名:大学专业英语
索取号:H31/B9741:1
 
预约/预借
| 序号 | 登录号 | 条形码 | 馆藏地/架位号 | 状态 | 备注 |
| 1 | 428089 | 204280893 | 语言库209/209语言库 80排1列6层/ [索取号:H31/B9741:1] | 在馆 | |
| 2 | 428090 | 204280900 | 语言库209/209语言库 80排1列6层/ [索取号:H31/B9741:1] | 在馆 | |
| 3 | 428091 | 204280919 | 语言库209/209语言库 80排1列6层/ [索取号:H31/B9741:1] | 在馆 |